02581cam a22003734a 4500001000800000005001700008008004100025010001700066016002000083020001500103024001800118035002300136035001700159040004900176042000800225043001200233050002000245060001500265060002200280082001900302100002400321245007800345250001200423260004800435300004000483504005100523505098700574520042901561650004901990650004402039650002502083650002102108856007802129559279220210414114507.0050908s2006 paua b 001 0 eng  a 20050262117 a1012568092DNLM a08036144703 a9780803614475 a(OCoLC)ocm61518280 a(NNC)5592792 aDNLM/DLCcDLCdYDXdNLMdBAKERdEYEdOrLoB-B apcc an-us---00aRT82b.C33 200600a2006 B-95810aWY 16bC357n 200600a610.7306/92221 aCatalano, Joseph T.10aNursing now! :btoday's issues, tomorrow's trends. /cJoseph T. Catalano. a4th ed. aPhiladelphia, PA :bF.A. Davis Co.,cc2006. axiii, 526 p. :bcol. ill. ;c26 cm. aIncludes bibliographical references and index.00g1.tThe development of a profession -- g2.tHistorical perspectives -- g3.tThe evolution of licensure, certification, and nursing organizations -- g4.tTheories and models of nursing -- g5.tThe process of educating nurses -- g6.tCritical thinking -- g7.tEthics in nursing -- g8.tBioethical issues -- g9.tNursing law and liability -- g10.tTaking and passing tests -- g11.tNCLEX : what you need to know -- g12.tReality shock in the workplace -- g13.tPrinciples of leadership and management -- g14.tCommunicating successfully -- g15.tDelegation and supervision in nursing -- g16.tCollective bargaining and governance -- g17.tHealth care delivery systems -- g18.tNursing informatics -- g19.tThe politically active nurse -- g20.tSpirituality and health care -- g21.tCultural diversity -- g22.tDevelopments in current nursing practice -- g23.tNursing research and evidence-based practice -- g24.tAlternative and complementary healing practices.1 a"As a nursing student moving toward becoming a professional you must gain theoretical knowledge, learn clinical skills, and develop professional values. Dr. Catalano presents a wide range of pertinent topics and offers the most up-to-date coverage in this cutting-edge text. He explores the evolution and history of nursing, and examines the impact of reform, the legal system, and politics on the profession."--BOOK JACKET. 0aNursingxVocational guidancezUnited States. 0aNursingxSocial aspectszUnited States. 0aNursingxPhilosophy.12aNursingxtrends.413Table of contentsuhttp://www.loc.gov/catdir/toc/ecip0519/2005026211.html